|
|
|
|
| LEADER |
00000nam a2200000 a 4500 |
| 001 |
UCT5085 |
| 003 |
CL-VaPUC |
| 008 |
961129e19930000UK |||||||||||||||||eng|d |
| 082 |
0 |
4 |
|a 330.941
|b RUB
|2 21
|
| 100 |
0 |
|
|a Rubinstein, W. D
|e author
|9 374365
|
| 245 |
1 |
0 |
|a Capitalism, culture, and decline in Britain 1750-1990
|
| 300 |
|
|
|a 182 p
|
| 942 |
|
|
|c BK
|
| 945 |
|
|
|d 19961129 00:00:00
|a rleighto
|
| 260 |
|
|
|a Londres
|b Routledge
|c 1993
|
| 650 |
|
0 |
|a Economía
|9 255568
|
| 650 |
|
0 |
|a Condiciones económicas
|9 258255
|
| 650 |
|
7 |
|a ELITE
|2 CL-VaPUC
|9 374366
|
| 650 |
|
7 |
|a ESTRUCTURA SOCIAL
|2 CL-VaPUC
|9 374367
|
| 650 |
|
0 |
|a Condiciones sociales
|9 257278
|
| 650 |
|
0 |
|a Industrialización
|9 263687
|
| 650 |
|
0 |
|a Educación
|9 258661
|
| 583 |
|
|
|a last modification
|c 19961129 00:00:00
|k Rodrigo Vera
|
| 999 |
|
|
|c 254105
|d 254103
|
| 952 |
|
|
|0 0
|1 0
|4 0
|6 330_941000000000000_RUB_1993
|7 0
|8 A
|9 275505
|a BIBHIS
|b BIBHIS
|d 2019-11-19
|i 3255174
|o 330.941 RUB 1993
|p 3255174
|r 2025-01-20
|w 2019-11-19
|y BK
|k HIS
|
| 952 |
|
|
|0 0
|1 0
|4 0
|6 330_941000000000000_RUB_1993
|7 0
|8 A
|9 275506
|a BIBHIS
|b BIBHIS
|d 2019-11-19
|i 3743748
|o 330.941 RUB 1993
|p 3743748
|r 2025-01-20
|w 2019-11-19
|y BK
|k HIS
|